Quizzes
Events
Quiz Creation
Community
Videos
Private Events
Remove Ads
Sign In
Join for FREE
Feedback
Dark Mode
Quiz Categories
Sports
Geography
Music
Movies
Television
Just For Fun
Miscellaneous
History
Literature
Language
Science
Gaming
Entertainment
Religion
Holiday
For Kids
Quiz Lab
Recent
Popular Today
Quiz Kudos Today
Editor Picks
Curator Picks
Quizzes by...
Day
Popularity
Type
Ratings
Length
Year
Community
Subscriptions
Recent Discussions
Orange Saloon
Badges
Playlists
Quests
Create
Leaderboards
Showdown
Live 5
Trivia Bingo
Activity
Puzzle Library
Sporcle Events
Private Events
Virtual Trivia
Globe League
Become a Host
Pub Owners
SporcleCon
Opinionation
Our Games
Videos
Blog
Mobile Apps
Partnerships
Remove Ads and Go Orange
Feedback
Sports
Athletes
MLB
NBA
NHL
NFL
Soccer
Sports Teams
WWE
NCAA
Football
Premier League
Basketball
Baseball
Hockey
Golf
Tennis
Cricket
Rugby
Auto Racing
Olympics
World Cup
Sports
Athletes
MLB
NBA
NHL
NFL
Soccer
Sports Teams
WWE
NCAA
Football
Premier League
Basketball
Baseball
Hockey
Golf
Tennis
Cricket
Rugby
Auto Racing
Olympics
World Cup
Random Quiz
Search Sporcle
×
Quiz Lab
Quiz Lab
Sports
Football
Type in answers that appear in a list
Type in answers that appear in a list
Classic
Best Score? Go Orange.
Dutch Soccer Players in Serie A Stats
Can you name all Dutch Soccer Players in the Serie A?
By
RotManuel
10m
56 Questions
546 Plays
546 Plays
546 Plays
Comments
Comments
Give Quiz Kudos
Give Quiz Kudos
-
- Ratings
hide this ad
More Info
Replay
Link that replays current quiz
Next Quiz
Link to next quiz in quiz playlist
You Got
0%
They Got
Avg Score
43%
Avg Friend Score
Upgrade to see
Score Distribution
Jump to the score distribution portion of the page
Score
0/56
Timer
10:00
0
Plays Today
Year
Name
% Correct
1987-
1993
Marco van Basten
93.1%
1987-
1995
Ruud Gullit
90.9%
1988-
1993
Frank Rijkaard
88.5%
1995-
1996, 2000-
2012
Clarence Seedorf
87.2%
2014-
present
Stefan de Vrij
86%
2009-
2013
Wesley Sneijder
84.5%
1996-
2005
Edgar Davids
81.9%
1997-
1998
Patrick Kluivert
75.2%
1993-
1995
Dennis Bergkamp
74.7%
2013-
present
Kevin Strootman
74.3%
2001-
2004
Jaap Stam
73.7%
1999-
2001
Edwin van der Sar
73.6%
2011-
2012
Mark van Bommel
72.6%
2015-
2016, 2017-
present
Marten de Roon
71%
2009-
2010
Klaas-Jan Huntelaar
66.3%
2011-
present
Urby Emanuelson
65.7%
2012-
2016
Nigel de Jong
61.6%
2017-
present
Hans Hateboer
61.5%
1993-
1995
Wim Jonk
59.2%
1997
Winston Bogarde
56.4%
1996-
1997
Micheal Reiziger
56.4%
2015-
2017
Wesley Hoedt
55.1%
1992-
1999
Aron Winter
54.6%
2011-
2013
Maarten Stekelenburg
52.7%
1983-
1984, 1985-
1987
Wim Kieft
52.5%
2011-
2012
Eljero Elia
48%
2003-
2005
Andy van der Meyde
47.9%
2014-
2017
Jonathan de Guzman
43.2%
Year
Name
% Correct
1992-
1994
Bryan Roy
42.4%
2015-
present
Ricardo Kishna
41%
1980-
1984
Ruud Krol
39.9%
2014-
2015
Marco van Ginkel
35.4%
1949-
1953
Faas Wilkes
34.3%
1992-
1996
John van 't Schip
33%
2016-
present
Timo Letschert
31%
2011-
2012
Luc Castaignos
28.9%
2014-
2016
Edson Braafheid
28.9%
1995-
1997
Michel Kreek
27.7%
2016-
present
Kevin Diks
24.9%
1988-
1990
Mario Been
23.7%
1993-
1994
Marciano Vink
23.5%
2004-
2005
Harvey Esajas
18.8%
1998-
1999
Harald Wapenaar
15.3%
1998-
2002
Henri van der Vegt
13.8%
1980-
1983
Michel van de Korput
11.7%
2016-
2017
Ouasim Bouy
8.9%
1982-
1986
Jan Peters
8.8%
1995-
1996
Leonard van Utrecht
7.1%
2011-
2012
Moestafa El Kabir
5%
1998-
1999
Milan Berck Beelenkamp
4.7%
1951-
1952
André Roosenburg
4.5%
1950-
1951
Wim Lakenberg
3.7%
2003-
2004
Oscar Moens
3.5%
1961-
1962
Piet Kruiver
3.4%
1997, 2000
Eli Louhenapessy
2.2%
2011-
2012, 2013-
2014
Damjan Dokovic
1.5%
Quiz Playlist
Details
Report
Send in Message
Add To Playlist
More Info:
All Dutch soccer players who have played, or are still playing, in the Serie A. Time period and clubs given.
Classic:
Type in answers that appear in a list
Last Updated: Sep 21, 2017
Quiz Scoreboard
CHALLENGE
Sign Up to Join the Scoreboard
Show All
Scores
Hide
Comments
May contain spoilers
Recently Published
Movies - When Are They Set?
by FPL_Elf
Movies
5m
Popular People in 1961
by mucciniale
History
6m
1-10 Letter E Words III
by El_Dandy
Language
2m
More to Explore
Quiz From the Vault
Featured Blog Post
Where Did the Easter Bunny Come From?
hide this ad
You Might Also Like...
Tags
Football Quiz
Soccer Quiz
dutch
Dutch Soccer
Italy
Serie A
Today's Top Quizzes in Sports
Browse Sports
hide this ad
Today's Top Quizzes in Football
Browse Football
Top Contributed Quizzes in Sports
1
Les meilleurs buteurs des matchs entre le PSG et l’OM
2
2022 World Cup Stars
3
FIFA Club World Cup Champions
4
Les entraîneurs de l'OM et du PSG au 21e siècle
5
Name the Premier League winners with different clubs
6
La finale Lions - Afrique du Sud 2021
7
Criteria MLB: Left Handed Sluggers
8
Les joueurs passés par le LOSC et le RC Lens
9
Players with Multiple 50 Home Run Seasons
10
MLB Players with Two .350 Batting Average Seasons
Explore More
Trending Topics
Kpop
Anime
NBA
Marvel
Disney
Crossword
Harry Potter
Puzzle
Song
NFL
WWE
Soccer
Country
The Office
Pokémon
hide this ad
More By:
RotManuel
Quiz
Plays
Rating
Category
Featured
Created
Dutch Soccer Players in La Liga
1,057
4.60
Sports
Sep 19, 2017
Dutch Soccer Players in Serie A
546
5.00
Sports
Sep 20, 2017
Dutch Soccer Coaches in La Liga
428
5.00
Sports
Sep 19, 2017
Dutch Soccer Players in the Premier league
425
1.00
Sports
Sep 22, 2017
Go to Creator's Profile
Score Distribution
Quiz Creator Spotlight
RotManuel
Follow
Send a Message
Quizzes Created
-
Created Quiz Play Count
-
More By This Creator
Popular Quizzes Today
1
Find the Countries of Europe - No Outlines Minefield
2
Find the US States - No Outlines Minefield
3
The Countries of the World
4
Popular People in 1961
5
US States
6
1-10 Letter E Words III
7
Find the US States
8
One Thing in Common: World Cities II
More Sports Quizzes
NFL Teams by NFL Pattern
Published
Trending Quizzes
Risky Map Clicking: Least Populous States A-Z
1-10 Letter F Words
1-10 Letter G Words
One Thing in Common: United Kingdom
Risky Map Clicking: Next State Alphabetically
Recently Updated
Leaping Animals
pecheneg
Reality TV Shows (A-Z)
bhenderson79
Rickey Henderson's Hall of Fame Teammates
pecheneg
Champions League XIs: Arsenal
pecheneg
Quick Pick: Celebrities in WWE's Hall of Fame
aduchscher
A-Z Keypad Blitz II
pecheneg
Multiple Oscar Actors
pecheneg
Mystery Phrase Blitz: Oscar 'Best Actors'
pecheneg
F. Scott Fitzgerald Novels
LTH
Pick 3 Villains
ddd62291
Trending Topics
Anime
Kpop
Disney
NBA
Marvel
Harry Potter
Crossword
Puzzle
Song
The Office
Soccer
Country
Pokémon
WWE
NFL
Your Account Isn't Verified!
In order to create a playlist on Sporcle, you need to verify the email address you used during registration. Go to your
Sporcle Settings
to finish the process.
Report this User
Report this user for behavior that violates our
Community Guidelines
.
Details:
Send Report
Go to the Sporcle.com Mobile Site →
Comments